| 000 | 011450000a22002890004500 | ||
|---|---|---|---|
| 003 | EG-GICUC | ||
| 005 | 20250223030033.0 | ||
| 008 | 100102s1996 ua dh f m 000 0 eng d | ||
| 040 |
_aEG-GiCUC _beng _cEG-GiCUC |
||
| 041 | 0 | _aeng | |
| 049 | _aDeposite | ||
| 097 | _aM.Sc | ||
| 099 | _aCai01.11.14.M.Sc.1996.Mo.E | ||
| 100 | 0 | _aMohamed Abdelshafy Mohamed | |
| 245 | 1 | 0 |
_aEarly breast cancer diagnostic : _bTherapeutic and prognostic study / _cMohamed Abdelshafy Mohamed ; Supervised Moustafa Elsharkawi , Gamal Moustafa , Eman Khallaf |
| 246 | 1 | 5 |
_aسرطان الثدى المبكر : _bدراسة تشخيصية و علاجية و مستقبليه |
| 260 |
_aCairo : _bMohamed Abdelshafy Mohamed , _c1996 |
||
| 300 |
_a169 Leaves : _bfacsimiles , charts ; _c30cm |
||
| 502 | _aThesis(M.Sc.) - Cairo University - Faculty of Medicine - Department of General Surgery | ||
| 700 | 0 |
_aEman Khallaf , _eSupervisor |
|
| 700 | 0 |
_aGamal Moustafa , _eSupervisor |
|
| 700 | 0 |
_aMoustafa Elsharkawi , _eSupervisor |
|
| 856 | _uhttp://172.23.153.220/th.pdf | ||
| 905 |
_aNazla _eRevisor |
||
| 905 |
_aReda _eCataloger |
||
| 942 |
_2ddc _cTH |
||
| 999 |
_c26047 _d26047 |
||